000 01567nam0a2200325 4500
001 RU\NLR\bibl\900156
005 20250614175740.0
010 _a5-465-00685-4
_bв пер.
021 _aRU
_b2005-71776
_93534
035 _a(nilc)RSL-KNO-002765826
035 _a(NLR Aleph) 000888593
090 _a1704017
_c1704017
100 _a20051107d2005 |||y0rusy50 ca
101 1 _arus
_ceng
102 _aRU
105 _ay |||||||||
106 _ar
200 1 _aВерлинг
_iРаненый
_eтриллер
_e[повесть]
_fСтивен Коул
_g[пер. с англ. Валентина Журавлева]
210 _aМосква
_cОмега-Пресс
_d2005
_gАООТ Твер. полигр. комб.
215 _a381 с.
_d21
610 0 _aФилологические науки. Художественная литература -- Великобритания -- Английская литература -- с 1945 г. -- Произведения художественной литературы -- Художественная проза -- Романы. Повести. Рассказы -- Фантастические и мистические романы, повести, рассказы
686 _aШ5(4Вл)62-644.5
_2rubbk
686 _aШ6(4Вл)67-445{Лх1299-62}
700 1 _4070
_7ca
_8rus
_aКоул
_bС.
_f1971-
_gСтивен
_9198724
_3RU\NLR\AUTH\770198775
801 0 _aRU
_bRuMoRKP
_c20051107
_grcr
801 1 _aRU
_bRuMoRGB
_c20051107
801 2 _aRU
_bNLR
_c20060125
_grcr
942 _cBOOK
980 _aNB